Представление документа в формате RUSMARC

ПолеНазваниеЗначение
  Тип записи a
  Библиографический уровень m
001 Контрольный номер RU/IS/BASE/293728970
005 Дата корректировки 20201206204633.6
010 Индекс ISBN __
a ISBN 5-94214-048-0
d Цена 130-00
101 Язык документа __
a Язык текста rus
c Язык оригинала rus
200 Заглавие и сведения об ответственности 0_
a Заглавие Страх и дружба в нашем тоталитарном прошлом
f Первые сведения об ответственности Владимир Шляпентох
b Общее обозначение материала Текст
210 Выходные данные __
a Место издания СПб.
c Издательство Изд-во журн. "Звезда"
d Дата издания 2003
215 Физическое описание __
a Объем 254, [2] с.
300 Общие примечания __
a Общие примечания Дар межрайон. ЦБС им. М. Ю. Лермонтова СПб.
330 Аннотация __
a Аннотация Автобиографическая книга, рассказывающая о том, каковая была жизнь человека понявшего с ранней юности, с конца 40-х годов, тоталитарный характер советского общества и не решавшегося из-за страха перед ним на борьбу с системой.
606 Тематические рубрики __
a Основная рубрика История
606 Тематические рубрики __
a Основная рубрика История России и СССР (октябрь 1917 - 1991 г.)
610 Ключевые слова __
a Ключевые слова история страны; история государства; автобиографии; автобиографическая литература; автобиографические материалы; автобиографические произведения; персоналии; еврейский вопрос; евреи; дружба; страхи; тоталитарная система; тоталитарные государства; тоталитарный режим; тоталитаризм
686 Индексы других классификаций __
a Классификационный индекс 63.3(2)6-7
700 Автор _1
a Фамилия Шляпентох
b Имя В. Э.
g Полное личное имя Владимир Эмманулович
4 Код отношения 070
801 Источник записи _0
a Страна RU
b Организация Муниципальное бюджетное учреждение культуры "Централизованная библиотечная система" г. Сургут (Центральная городская библиотека им. А. С. Пушкина)
g Правила каталогизации КиК/Поспелова
801 Источник записи _1
a Страна RU
b Организация Муниципальное бюджетное учреждение культуры "Централизованная библиотечная система" г. Сургут (Центральная городская библиотека им. А. С. Пушкина)
g Правила каталогизации КиК/Поспелова
852 Данные о местонахождении __
j Шифр хранения 63.3(2)6-7
c Каталожный индекс 63.3(2)6-7
i Авторский знак Ш 70
901 Тип документа __
t Тип документа m
903 Характеристики (МАРС) __
a Дата передачи 20090512
990 Данные о заказе (DOS) __
j Количество экземпляров (DOS) 1
t N записи в КСУ для И/У (DOS) 200905